Guess the Wind Instrument - Statistics

General Stats
  • This quiz has been taken 22 times
  • The average score is 10 of 11
Answer Stats
Hint Answer % Correct
"Curly" brass horn that was derived from hunting horns. French Horn
100%
Despite being made of silver metal, is still a woodwind. Light, airy sound, and often plays in the high range. Flute
95%
Brass instrument which uses a slide to control pitch. Plays mostly in a low range. Trombone
95%
Single-reed instrument, commonly made of wood. Mozart wrote a famous concerto for it. Clarinet
90%
The smaller, much higher version of the above. Piccolo
90%
Largest and lowest instrument in the brass family. Tuba
90%
Another double-reed instrument, with French and German variants (called Buffets and Heckels, respectively). Very large. Bassoon
86%
Double-reed instrument, standard tuning instrument in a full orchestra. Oboe
86%
Three-valved brass instrument, played by Miles Davis. Trumpet
86%
A reed instrument commonly made of yellow brass. Produces a rich, bright tone, and is more common in jazz and wind bands than it is in an orchestra. Saxophone
81%
A smaller version of the above. Euphonium
57%
No matching quizzes found
Score Distribution
Percent of People with Each Score
Percentile by Number Answered
Your Score History
You have not taken this quiz